De las pruebas penales : de la prueba en general /

Obra en dos volúmenes disponibles en biblioteca que contienen un tratado sobre las pruebas penales, desde el derecho italiano y la doctrina. V. 1 De la prueba en general; V. 2 De las pruebas en particular. Contenido del volumen uno: De las pruebas penales en general; Objeto de la prueba; Organos y m...

Ausführliche Beschreibung

Gespeichert in:
Bibliographische Detailangaben
1. Verfasser: Florian, Eugene (autor)
Weitere Verfasser: Guerrero, Jorge (traducción) (traducción)
Format: Buch
Sprache:Spanisch
Veröffentlicht: Bogotá, Colombia : Temis, 1968, c1968
Schlagworte:
Tags: Tag hinzufügen
Keine Tags, Fügen Sie das erste Tag hinzu!

MARC

LEADER 00000nam^a2200000^a^4500
001 000183801
005 20250521000000.0
009 20260310102054.634
037 |a Acervo ITESO - Biblioteca 
041 |a ESP 
082 |a 345. 4506  |b FLO V. 1 
100 |a Florian, Eugene  |e (autor) 
240 1 1 |a [De las pruebas penales] 
245 1 0 |a De las pruebas penales :  |b de la prueba en general /  |c E. Florian ; presen. de Giovanni Ghirardi ; introd. de Pietro Fredas ; tr. por J. Guerrero. 
264 4 |a Bogotá, Colombia :  |b Temis,  |c 1968, c1968 
300 |a LVIII, 365 p. 
336 |a texto  |b txt  |2 rdacontenido 
337 |a sin mediación  |b n  |2 rdamedio 
338 |a volumen  |b nc  |2 rdasoporte 
500 |a Traducción de: Delle prove penali 
520 |a Obra en dos volúmenes disponibles en biblioteca que contienen un tratado sobre las pruebas penales, desde el derecho italiano y la doctrina. V. 1 De la prueba en general; V. 2 De las pruebas en particular. Contenido del volumen uno: De las pruebas penales en general; Objeto de la prueba; Organos y medios de prueba; De la actividad procesal de la prueba; Procedimiento probatorio; Del resultado de las pruebas y de la apreciación de éstas; Síntesis. 
649 |a XX 
650 |a Prueba (Derecho) -  |z Italia 
650 |a Prueba (Derecho) 
650 |a Prueba (Derecho) -  |z Italia 
650 |a Prueba (Derecho) 
650 |a Investigación del Delito -  |z Italia 
650 |a Investigación del Delito 
650 |a Derecho Procesal Penal -  |z Italia 
650 |a Derecho Procesal Penal 
650 |a Derecho Procesal -  |z Italia 
650 |a Derecho Procesal 
650 |a Derecho Penal -  |z Italia 
650 |a Derecho Penal 
650 |a Derecho Público -  |z Italia 
650 |a Derecho Público 
700 |a Guerrero, Jorge  |e (traducción) 
910 |a Fondo General 
920 |a Impresos - Libros 
930 |a Colección General 
905 |a 101 
901 |a 0500124557  |b IT1  |c ACC  |u 20250521 
902 |a https://opac.biblio.iteso.mx/vufind/Record/000183801